Сорбционно-спектроскопическое определение некоторых приоритетных загрязнителей воздуха рабочей зоны: автореферат диссертации на соискание ученой степени кандидата технических наук

Podrobná bibliografie
Hlavní autor: Козель Н. А. Наталия Анатольевна
Korporativní autor: Красноярский государственный университет
Jazyk:ruština
Vydáno: Красноярск, [Б. и.], 2000
Témata:
Médium: MixedMaterials Kniha
KOHA link:https://koha.lib.tpu.ru/cgi-bin/koha/opac-detail.pl?biblionumber=24361

MARC

LEADER 00000nam0a2200000 4500
001 24361
005 20231101205613.0
035 |a (RuTPU)RU\TPU\book\24588 
035 |a BOOK00000041 
090 |a 24361 
100 |a 20011209d2000 k y0rusy50 ca 
101 0 |a rus 
102 |a RU 
105 |a y dm 000zy 
200 1 |a Сорбционно-спектроскопическое определение некоторых приоритетных загрязнителей воздуха рабочей зоны  |e автореферат диссертации на соискание ученой степени кандидата технических наук  |f Н. А. Козель  |g Красноярский государственный университет 
210 |a Красноярск  |c [Б. и.]  |d 2000 
215 |a 20 с. 
606 1 |a Воздух  |x Загрязнения  |x Определение  |2 stltpush  |3 (RuTPU)RU\TPU\subj\73570  |9 86500 
610 1 |a аналитическая химия 
610 1 |a рабочая зона 
610 1 |a загрязнители 
610 1 |a спектроскопия сорбционная 
610 1 |a авторефераты диссертаций 
675 |a 543.26(04)  |v 3 
700 1 |a Козель  |b Н. А.  |g Наталия Анатольевна 
712 0 2 |a Красноярский государственный университет  |2 stltpush  |3 (RuTPU)RU\TPU\col\9  |9 23123 
801 0 |a RU  |b 63413507  |c 20011209  |g PSBO 
801 2 |a RU  |b 63413507  |c 20141112  |g PSBO 
942 |c BK